MARC

LEADER 00000nam0a2200000 4500
001 24336
005 20231030200154.0
035 |a (RuTPU)RU\TPU\book\24563 
035 |a BOOK00002339 
090 |a 24336 
100 |a 20011209d2000 m y0rusy50 ca 
101 0 |a rus 
102 |a RU 
105 |a y j 000zy 
200 1 |a Учиться работать  |e учебное пособие  |f Г. М. Сорокин 
210 |a Москва  |c Нефть и газ  |d 2000 
215 |a 55 с. 
610 1 |a вузы 
610 1 |a высшее образование 
610 1 |a учебные занятия 
610 1 |a самоподготовка 
610 1 |a учебные пособия 
686 |a Ч481.267я73  |v LBC/SL-A  |2 rubbk 
700 1 |a Сорокин  |b Г. М.  |g Георгий Матвеевич 
801 0 |a RU  |b 63413507  |c 20011209  |g PSBO 
801 2 |a RU  |b 63413507  |c 20220621  |g PSBO 
942 |c BK